Who said these Dreamcatcher iconic quotes #9 - Statistics

General Stats
  • This quiz has been taken 33 times
  • The average score is 10 of 10
Answer Stats
Quote Member % Correct
Oh baby sexy baby, my name is Gahyun Lee aaaarrrrhh SuA
100%
Poop a little bit on the street, pigeons or flies will clean it up Yoohyeon
100%
I feel excited when I look at my members' bodies Yoohyeon
100%
There are times were Handong sleeps in. She has a hard time waking up, I've hit her a couple of times Dami
97%
Hi? Were you sleeping in my heart?~ JiU
97%
These earlobes are mine. Siyeon
97%
You're so obsessed with me, gosh~ Yoohyeon
97%
Are my photocards expensive? Don't buy it Gahyun
91%
Ah, I see, Yoohyeon's smell… Handong
91%
Do you want to do a piercing kiss? SuA
91%
No matching quizzes found
Score Distribution
Percent of People with Each Score
Percentile by Number Answered
Your Score History
You have not taken this quiz